| Tag |
First Indicator |
Second Indicator |
Subfields |
| LEADER |
00000cam a22000001 4500 |
| 001 |
in00000448317 |
| 005 |
20151012161915.0 |
| 008 |
711012s1966 caua b 00010 eng |
| 010 |
|
|
|a 66004402
|
| 035 |
|
|
|a (OCoLC)00422717
|
| 035 |
|
|
|9 ABZ4749AM
|
| 040 |
|
|
|a DLC
|c DLC
|d TXA
|d UtOrBLW
|
| 041 |
1 |
|
|a eng
|a fre
|
| 043 |
|
|
|a as-----
|
| 049 |
|
|
|a TXAM
|c 1 [972815], 2 [454818]
|
| 050 |
0 |
0 |
|a DS527
|b .C613
|
| 082 |
0 |
|
|a 959
|
| 100 |
1 |
|
|a Cdes, George.
|
| 240 |
1 |
4 |
|a Les peuples de la peninsule indochinoise. English
|
| 245 |
1 |
4 |
|a The making of South East Asia /
|c by G. Cdes. Translated by H. M. Wright.
|
| 264 |
|
1 |
|a Berkeley :
|b University of California Press,
|c 1966.
|
| 300 |
|
|
|a xvi, 268 pages :
|b illustrations ;
|c 23 cm.
|
| 336 |
|
|
|a text
|b txt
|2 rdacontent
|
| 337 |
|
|
|a unmediated
|b n
|2 rdamedia
|
| 338 |
|
|
|a volume
|b nc
|2 rdacarrier
|
| 500 |
|
|
|a Translation of Les peuples de la peninsule indochinoise.
|
| 504 |
|
|
|a Bibliographical references included in "Notes" (pages 231-247).
|
| 651 |
|
0 |
|a Southeast Asia
|x History.
|
| 999 |
|
|
|a MARS
|
| 999 |
f |
f |
|s 76cfa583-c076-3e4a-a6b9-42f910ca5bdd
|i 72270d43-c9cc-301d-9ac8-af3b8cd8ce28
|t 0
|
| 952 |
f |
f |
|p normal
|a Texas A&M University
|b College Station
|c Sterling C. Evans Library
|s Evans stk
|d Evans: Library Stacks
|t 0
|e DS527 .C613
|h Library of Congress classification
|i unmediated -- volume
|m A14802057741
|
| 998 |
f |
f |
|a DS527 .C613
|t 0
|l Evans: Library Stacks
|